1071 1647 1651 1449 1149 1886 1683 1731 1851 1118 1835 1264 1240 1401 1341 1315 1758 1153 1214 1764 1738 1529 1610 1000 1700 1701 1218 1097 1629 1309 1739 1382 1587 1906 1138 1163 1319 1297 1954 1389 1418 1186 1056 1095 1782 1654 1029 1018 1572 1418 1594 1587 1274 1843 1181 1880 1323 1236 1350 1063 1737 1653 1754 1383 1595 1036 1383 1101 1507 1885 1177 1288 1831 1880 1856 1313 1661 1358 1636 1741 1543 1418 1401 1583 1465 1597 1231 1142 1408 1243 1965 1856 1522 1039 1956 1387 1558 1424 1326 BCNSPRNW ULIB Ver.6.0+V

เปลี่ยนเป็นภาษาไทย

Change to English
 แสดงรายละเอียดบรรณานุกรม
  กลับหน้าหลัก

Brief Record : Get Marc (ISO 2709) : E-mail record : QR code < ปิดหน้าต่าง
LEADER : 00000nam 2200000uu 4500
001    13399112629
003     ULIB
008    110829s2546||||th 000 0 tha d
020    9749170172
050  4 HD1593^bค125พ 2546
245 00 พลังคนพิการไทย ก้าวใหม่สู่การมีงานทำ = ^bคู่มือเตรียมความพร้อมสู่การมีงานทำสำหรับคนพิการ /^cกระทรวงการพัฒนาสังคมและความมั่นคงของมนุษย์
250    พิมพ์ครั้งที่ 1
260    [กรุงเทพฯ] :^bเทพเพ็ญวานิสย์,^c2546
300    70 หน้า ;^c21 ซม.
650  4 การฟื้นฟูสมรรถภาพด้านอาชีพ
650  4 คนพิการ^xการจ้างงาน
650  4 คนพิการ^zไทย^xอาชีพ
710 2  กระทรวงการพัฒนาสังคมและความมั่นคงของมนุษย์
945    ^p0^l0^i021871
995    ทศพร
999 ^a ทศพร
รายการนี้ยังไม่มีแท็ก
คุณยังไม่ได้ล็อกอิน คุณสามารถมีกิจกรรมร่วมกับเว็บไซต์ได้ แต่ต้องล็อกอินก่อน ::
  ล็อกอิน

รายการสื่อสารสนเทศ

ลำดับที่ ประเภท เลขเรียก/บาร์โค้ด สถานที่ สถานะ
- ไม่พบข้อมูล -

BibComment


ยังไม่เคยถูกคอมเมนท์

คอมเมนท์ทรัพยากรรายการนี้
  คอมเมนท์: พลังคนพิการไทย ก้..


 Copyright 2026. Bcnsprnw @Library